Normal view
MARC view
- González Jiménez, Rosa María
Entry Nombre Personal
001 - NUMERO DE CONTROL
- campo de control: 59278
003 - IDENTIFICADOR DE NUMERO DE CONTROL
- campo de control: MX-MxUPN
005 - FECHA Y HORA DE LA ÜLTIMA TRANSACCIÓN
- campo de control: 20260416110441.0
008 - DATOS DE LONGITUD FIJA
- campo de control de longitud fija: 260416|| aca||aabn | aaa d
040 ## - FUENTE DE CATALOGACIÓN
- Agencia original de catalogación: MX-MxUPN
- Lenguaje de catalogación: spa
- Agencia de transcripción: MX-MxUPN
100 1# - ENCABEZAMIENTO - NOMBRE PERSONAL
- Nombre personal: González Jiménez, Rosa María
670 ## - FUENTE EN LA QUE SE LOCALIZARON DATOS
- Cita de la fuente: Género y matemáticas : balanceando la ecuación, 2004:
- Información localizada: portada (Rosa María González Jiménez)
902 ## - CATALOGADOR
- Catalogador: Víctor Ruiz/160426
